Skip to main content
Your cart is empty.
Your lists
Log in to create your own lists
Your cookies
العربية
English
العربية
Home
Search
Advanced search
Authority search
About
The noble scholar, jurist, historian
His Excellency Dr. Abdul Wahhab bin Ibrahim Abu Sulaiman, may Allah have mercy on him.
He was born in Umm Al-Qura in the year 1356 AH.
Library catalog
Title
Author
Subject
ISBN
ISSN
Series
Call number
Log in to your account
×
Login:
Password:
Home
MARC view: بحوث في الشريعة الإسلامية والقانون.
Normal view
MARC view
ISBD view
بحوث في الشريعة الإسلامية والقانون. (Record no. 3950)
[
view plain
]
MARC details
000 -LEADER
fixed length control field
01454cam a22003251i 4500
003 - CONTROL NUMBER IDENTIFIER
control field
SA-RiAUC
005 - DATE AND TIME OF LATEST TRANSACTION
control field
20241225133503.0
008 - FIXED-LENGTH DATA ELEMENTS--GENERAL INFORMATION
fixed length control field
241123s1977 ua g f00100 ara c
040 ## - CATALOGING SOURCE
Original cataloging agency
SA-RiAUC
Language of cataloging
ara
Transcribing agency
SA-RiAUC
Description conventions
rda
050 #4 - LIBRARY OF CONGRESS CALL NUMBER
Item number
.M84 1977
082 04 - DEWEY DECIMAL CLASSIFICATION NUMBER
Classification number
250
Assigning agency
SA-RiAUC
090 ## - LOCALLY ASSIGNED LC-TYPE CALL NUMBER (OCLC); LOCAL CALL NUMBER (RLIN)
Classification number (OCLC) (R) ; Classification number, CALL (RLIN) (NR)
250
Local cutter number (OCLC) ; Book number/undivided call number, CALL (RLIN)
م ح م
100 1# - MAIN ENTRY--PERSONAL NAME
Personal name
محمد، محمد عبد الجواد
Relator term
مؤلف.
245 10 - TITLE STATEMENT
Title
بحوث في الشريعة الإسلامية والقانون.
Number of part/section of a work
المجموعة الثانية /
Statement of responsibility, etc.
محمد عبد الجواد محمد.
264 #1 - PRODUCTION, PUBLICATION, DISTRIBUTION, MANUFACTURE, AND COPYRIGHT NOTICE
Place of production, publication, distribution, manufacture
القاهرة :
Name of producer, publisher, distributor, manufacturer
مطبعة جامعة القاهرة والكتاب الجامعي،
Date of production, publication, distribution, manufacture, or copyright notice
1977
300 ## - PHYSICAL DESCRIPTION
Extent
220 صفحة ؛
Dimensions
24 سم.
336 ## - CONTENT TYPE
Content type term
نص
Content type code
txt
Source
rdacontent
Materials specified
كتاب
337 ## - MEDIA TYPE
Media type term
بدون وسيط
Media type code
n
Source
rdamedia
338 ## - CARRIER TYPE
Carrier type term
مجلد
Carrier type code
nc
Source
rdacarrier
490 0# - SERIES STATEMENT
Series statement
الكتب القانونية
500 ## - GENERAL NOTE
General note
كشافات : صفحة 159-167.
500 ## - GENERAL NOTE
General note
ملاحظات من الشيخ الدكتور عبدالوهاب سليمان رحمه الله بداخل الكتاب
500 ## - GENERAL NOTE
General note
اهداء من المؤلف محمد عبدالجواد محمد بتاريخ 13/ 3/ 1402 هـ
504 ## - BIBLIOGRAPHY, ETC. NOTE
Bibliography, etc. note
يشتمل على ببليوجرافيات.
650 #7 - SUBJECT ADDED ENTRY--TOPICAL TERM
Topical term or geographic name entry element
الشريعة الإسلامية
General subdivision
بحوث
Source of heading or term
aucsh
650 #7 - SUBJECT ADDED ENTRY--TOPICAL TERM
Topical term or geographic name entry element
الإسلام والقانون
Source of heading or term
aucsh
650 #7 - SUBJECT ADDED ENTRY--TOPICAL TERM
Topical term or geographic name entry element
القانون
Source of heading or term
aucsh
942 ## - ADDED ENTRY ELEMENTS (KOHA)
Source of classification or shelving scheme
Dewey Decimal Classification
Koha item type
Books
Suppress in OPAC
No
949 ## - LOCAL PROCESSING INFORMATION (OCLC)
a
SA-JeALM
d
241123
u
mohamedma123
n
1
Holdings
Withdrawn status
Lost status
Source of classification or shelving scheme
Damaged status
Not for loan
Collection
Home library
Current library
Date acquired
Total checkouts
Full call number
Barcode
Date last seen
Price effective from
Koha item type
Dewey Decimal Classification
اهداء وملاحظات
DR AbdElwahab Library
DR AbdElwahab Library
12/25/2024
250 م ح م
000006339
12/25/2024
12/25/2024
Books
Place hold
Print
Add to your cart
(remove)
Save record
BIBTEX
Dublin Core
MARCXML
MARC (non-Unicode/MARC-8)
MARC (Unicode/UTF-8)
MARC (Unicode/UTF-8, Standard)
MODS (XML)
RIS
ISBD
More searches
Search for this title in:
Other Libraries (WorldCat)
Other Databases (Google Scholar)
Online Stores (Bookfinder.com)
Open Library (openlibrary.org)
Exporting to Dublin Core...
×
Simple DC-RDF
OAI-DC
SRW-DC